| 000 | 00640nam a2200217Ia 4500 | ||
|---|---|---|---|
| 005 | 20211109141549.0 | ||
| 008 | 131103s9999 xx 000 0 und d | ||
| 020 | _a300078935 | ||
| 040 | _aLoreto College | ||
| 041 | _aEnglish | ||
| 082 |
_a320.3 _bLIJ |
||
| 100 | _aLijphart, Arend | ||
| 245 |
_aPatterns of Democracy _b Government forms and performance in thirty-six countries _cArend Lijphart |
||
| 260 |
_aNew Haven _bYale University Press _c1999 |
||
| 300 | _axiv,351p | ||
| 504 | _aIncludes bibliographical references and index | ||
| 650 | _aDemocracy | ||
| 651 | _aComparative Government | ||
| 850 | _aLCLIB | ||
| 942 | _cBK | ||
| 999 |
_c17741 _d68220 |
||